Normal view
MARC view
Entry Topical Term
001 - CONTROL NUMBER
- control field: 15541
003 - CONTROL NUMBER IDENTIFIER
- control field: ARRUPE
005 - DATE AND TIME OF LATEST TRANSACTION
- control field: 20150225133520.0
008 - FIXED-LENGTH DATA ELEMENTS
- fixed length control field: 150225|| aca||aabn | a|a d
040 ## - CATALOGING SOURCE
- Original cataloging agency: ARRUPE
- Transcribing agency: ARRUPE
150 ## - HEADING--TOPICAL TERM
- Topical term or geographic name as entry element: Seneca Indians.
670 ## - SOURCE DATA FOUND
- Source citation: Work cat.: (ARRUPE)0: Wallace, Anthony F. C., 1923- 15539, The death and rebirth of the Seneca,, 1972